Determinación del instante para la creación automática de islas eléctricas en un sistema de potencia - Un estudio basado en la evaluación del riesgo
Shranjeno v:
| Glavni avtor: | |
|---|---|
| Drugi avtorji: | |
| Format: | Knjiga |
| Jezik: | Spanish |
| Izdano: |
[San José], Costa Rica
2015
|
| Teme: | |
| Oznake: |
Označite
Brez oznak, prvi označite!
|
MARC
| LEADER | 00000nam a22000007a 4500 | ||
|---|---|---|---|
| 003 | 012435 | ||
| 005 | 20230912094517.0 | ||
| 008 | 160729b2015 cr aa||| |||| 00| 0 spa d | ||
| 040 | |c cru CEDI | ||
| 090 | |a TFG 7593 | ||
| 100 | |9 724 |a Fernández Porras, José Pablo, 1991- | ||
| 245 | |a Determinación del instante para la creación automática de islas eléctricas en un sistema de potencia - Un estudio basado en la evaluación del riesgo | ||
| 260 | |a [San José], Costa Rica |c 2015 | ||
| 300 | |a xiii,131 hojas ; ilustraciones | ||
| 500 | |a Tesis de graduación (bachillerato en ingeniería eléctrica)--Universidad de Costa Rica. Facultad de Ingeniería. Escuela de Ingeniería Eléctrica | ||
| 501 | |a Director de Tesis de Graduación: Dr. Gustavo Valverde Mora | ||
| 650 | |x PERDIDAS ELECTRICA |x SISTEMAS DE ENERGIA ELECTRICA |x TRANSMISION DE POTENCIA |x DISTRIBUCION DE ENERGIA ELECTRICA |x CONSERVACION DE LA ENERGIA ELECTRICA |9 5265 | ||
| 700 | |9 357 |a Valverde Mora, Gustavo |d Director del TFG | ||
| 942 | |c CEDI | ||
| 999 | |c 17016 |d 17016 | ||
